000 00451nam a22001697a 4500
999 _c4295
_d4295
003 GBCCL
005 20241126110515.0
008 180118b xxu||||| |||| 00| 0 eng d
040 _cgbc
082 _a248.32
_bRIC
100 _aRice, John R.
_96944
245 _aPrayer:
_bAsking and Receiving /
_cJohn R. Rice
260 _bSword of the Lord Publishers,
_aIllinois:
_c1956
300 _a328 p.;
_c22 cm.
650 _aPrayer
_9332
942 _2ddc
_cBK
_016